000 01160njm a22002537a 4500
005 20100907161043.0
007 sd ammalaaahaa
008 100830t xxu||||| |||| 00| 0 eng d
028 _aN.54138
_bHis Master's Voice
035 _aGR-01107
040 _aSED
_cSED
100 _aRoy, Bimal
_918698
245 _aBandini /
_cby Bimal roy productions; Music dtn by S.D.Burman; Lyric by Shailendra
_h[sound recording]:
246 _aबंदिनी / द्वारा बिमल रॉय प्रोदुक्टिओंस
260 _aDum Dum, India:
_bHis Master 's Voice
_c1963
300 _a1 sound disc [GramphoneRecording]:
_banalog,33.1/3 rpm
_c9.5 in.(MP)
_fGramphones Records
500 _aBrief Record
505 _aSide1 अब के बरस भेजो (Ab ke baras bhejo)(Asha Bhosle) Side 2 मेरा गोरा अंग लैले ( Mera gora ang laile) (Lata Mangeshkar).
650 _xExperts
_zIndia
_917446
_aMotion picture music
700 _aBurman ,S.D.
_918779
700 _aShailendra
_918790
942 _2ddc
_cGR
999 _c44338
_d44338